00301nam a2200097Ia 4500008004100000041000800041100002500049245005800074260005200132999001900184241105s9999 xx 000 0 und d aeng aKolhe Sayali9184205 aAn Abode Of Hillscapes In Urban Fringe Of Nashik City bBNCA M Arch Landscapes Architecture, Punec2021 c362048d362048